Návrh membránového modulu na hemodialýzu bakalárska práca

Guardado en:
Detalles Bibliográficos
Autor principal: Beňová, Frederika
Formato: Libro
Lenguaje:eslovaco
Publicado: Bratislava STU FCHPT 2019
Acceso en línea:Ver en el OPAC
Etiquetas: Agregar Etiqueta
Sin Etiquetas, Sea el primero en etiquetar este registro!

MARC

LEADER 00000nam a2200000 a 4500
005 20260127134307.0
008 190910 2019 xo a 001 0 slo d
035 |a vtls011886229 
039 9 |y 201909101128  |z mschk03 
040 |a STUSCHK1  |b slo  |c STUSCHK1  |e AACR2 
100 1 |a Beňová, Frederika 
245 1 |a Návrh membránového modulu na hemodialýzu  |b bakalárska práca  |c Frederika Beňová 
260 |a Bratislava  |b STU FCHPT  |c 2019 
300 |a 42 s.  |b Obr., tab.  |c 25 cm 
500 |a Študijný program: chemické inžinierstvo 
500 |a Študijný odbor: chemické inžinierstvo 
500 |a Školiace pracovisko: Oddelenie chemického a biochemického inžinierstva 
500 |a Evid. číslo: FCHPT-5431-82070 
910 |a SCHK95 
999 |c 8993  |d 8993